Paroles #3 - Quand il pète il troue son slip de Sébastien Patoche - Statistiques

Statistiques générales
  • Ce quiz a été pris 38 fois
  • Le résultat moyen est 204 sur 343
Statistiques - réponses
Réponse % Correct
Il
100%
Pète
100%
Quand
100%
Slip
100%
Son
100%
Et
97%
Troue
97%
A
59%
a
59%
La
59%
la
59%
Le
59%
Ma
56%
Est
53%
est
53%
Ça
47%
Te
47%
Je
44%
Pas
38%
Pour
38%
Que
38%
De
34%
Les
34%
Norris
34%
Par
34%
Se
34%
Un
34%
Chuck
31%
Sur
31%
Ta
31%
Du
28%
Qui
28%
Tu
28%
Une
28%
Y
28%
Au
25%
Avait
25%
Dimanche
25%
Formule 1
25%
On
25%
Tennis
25%
Car
22%
C'est
22%
Comme
22%
Était
22%
Fait
22%
Jouer
22%
Moi
22%
Si
22%
Tellement
22%
TF1
22%
Va
22%
Allez
19%
Des
19%
En
19%
Interprété
19%
Maestro
19%
Musique
19%
Tout
19%
Ah
16%
Balèze
16%
Craint
16%
Dans
16%
Mère
16%
Monde
16%
Pingouin
16%
Plus
16%
Sens
16%
Ses
16%
Tête
16%
Texas
16%
Type
16%
Bien
13%
Faut
13%
J'me
13%
Jure
13%
Mazouter
13%
Arbalète
9%
Baisse
9%
Boeing
9%
Cochon
9%
Couille
9%
Coupante
9%
Culotte
9%
Fin
9%
Génial
9%
Jeunesse
9%
Merde
9%
Parti
9%
Paysagiste
9%
Pilote
9%
Piste
9%
Putain
9%
Qu'il
9%
Roule
9%
Roulez
9%
Verre
9%
501
6%
Attention
6%
Barre
6%
Bâti
6%
Crient
6%
Dieu
6%
Frippe
6%
Grec
6%
L'invites
6%
Même
6%
Panard
6%
Rappeler
6%
Réfléchis
6%
S'il
6%
Sloggy
6%
Taillé
6%
Toujours
6%
Bamboul
3%
Bifteck
3%
Braguette
3%
Cafetière
3%
Chaud
3%
Continue
3%
Dents
3%
Détendu
3%
Flippes
3%
Font
3%
J'prends
3%
Marguerites
3%
Normal
3%
Peur
3%
Ramener
3%
Sphincter
3%
Yeux
3%
Aucun quiz correspondant
Distribution des résultats
% des personnes avec chaque résultat
Percentile par nombre de réponses
Votre historique - résultats
Vous n’avez pas pris ce quiz